Statistics for 2023 Rugby World Cup Contestants

Click here to take the quiz!

General Stats

  • This quiz has been taken 36 times
    (24 since last reset)
  • The average score is 17 of 19

Answer Stats

Answer% Correct
Pool CAustralia
100%
Pool DEngland
100%
Pool BIreland
100%
Pool ANew Zealand
100%
Pool BScotland
100%
Pool BSouth Africa
100%
Pool CWales
100%
Pool CFiji
95%
Pool AFrance
95%
Pool DJapan
90%
Pool DSamoa
90%
Pool DArgentina
86%
Pool AItaly
81%
Pool ANamibia
81%
Pool BTonga
81%
Pool CGeorgia
76%
Pool AUruguay
76%
Pool BRomania
67%
Pool DChile
57%

Score Distribution

Percentile by Number Answered

Percent of People with Each Score

Your Score History

You have not taken this quiz since the last reset